00295pab a2200121 454500008004000000100001600040245004200056260000900098300000700107362001100114650003600125773001200161180718b1985 xxu||||| |||| 00| 0 eng d aSen, Sudhir aTax refrombAnother reagon revolution c1985 a40 a8 July aTaxation - Legislation - U.S.A. aCapital